FC 24 Radioactive - Statistics

General Stats
  • This quiz has been taken 14 times
    12 since last reset
  • The average score is 21 of 31
Answer Stats
chernobyl rat pos club plaeyr % Correct
Radioactive 92 CF Al-Ittihad Karim Benzema
100%
Radioactive 88 RW SSC Napoli Khvicha Kvaratskhelia
100%
Radioactive 92 CF Inter Miami Lionel Messi
100%
Radioactive 89 CDM Al-Ittihad N'Golo Kanté
100%
Radioactive 91 ST Chelsea Women Sam Kerr
100%
Radioactive 90 CM Real Madrid Federico Valverde
91%
Radioactive 88 ST Marseille Pierre-Emerick Aubameyang
91%
Radioactive 88 CB FC Barcelona Ronald Araújo
91%
Radioactive 86 CB Manchester City Joško Gvardiol
82%
Radioactive 85 RWB Juventus Timothy Weah
82%
Radioactive 87 CM Manchester United Christian Eriksen
73%
Radioactive 86 CDM Chelsea Moisés Caicedo
73%
Radioactive 87 RB Bayern Munich Noussair Mazraoui
73%
Radioactive 86 LB Arsenal Oleksandr Zinchenko
73%
Radioactive 86 LW Galatasaray Wilfried Zaha
73%
Radioactive 86 ST Salernitana Boulaye Dia
64%
Radioactive 87 CB Paris Saint-Germain Milan Škriniar
64%
Radioactive 85 CM LA Galaxy Riqui Puig
64%
Radioactive 85 CAM Chicago Fire Xherdan Shaqiri
64%
Radioactive 88 RM Al-Nassr Anderson Talisca
55%
Radioactive 87 ST FC Barcelona Femení Asisat Oshoala
55%
Radioactive 85 RW Los Angeles FC Carlos Vela
55%
Radioactive 86 CM Liverpool Dominik Szoboszlai
55%
Radioactive 86 CDM Al-Ahli Franck Kessié
55%
Radioactive 87 CDM AC Milan Ismaël Bennacer
55%
Radioactive 85 RB RC Lens Przemysław Frankowski
55%
Radioactive 88 CAM Adana Demirspor Nani
45%
Radioactive 85 CB Beşiktaş Eric Bailly
36%
Radioactive 86 LW Tottenham Hotspur Ivan Perišić
36%
Radioactive 86 CB Fiorentina Nikola Milenković
36%
Radioactive 85 ST Minnesota United Teemu Pukki
36%
No matching quizzes found
Score Distribution
Percent of People with Each Score
Percentile by Number Answered
Your Score History
You have not taken this quiz since the last reset